Tvorivý subjekt v ére knowledge management
Tvorivý subjekt a podnikateľské prostredie. Prístupy k tvorivému subjektu operujúcom v bežnom podnikateľsky orientovanom prostredí. Genéza názorových prúdov na formovanie knowledge managementu. Intelektuálny kapitál a znalostné aktíva. Bariéry rozvoja manažmentu znalostí. Éra riadenia znalostí. Metó...
Guardado en:
| Autor principal: | |
|---|---|
| Formato: | Capítulo de libro |
| Lenguaje: | eslovaco |
| Materias: | |
| Etiquetas: |
Sin Etiquetas, Sea el primero en etiquetar este registro!
|
MARC
| LEADER | 00000naa a2200000 4500 | ||
|---|---|---|---|
| 001 | r044686 | ||
| 005 | 20231003082304.2 | ||
| 041 | 0 | |a slo | |
| 044 | |a SK | ||
| 245 | 1 | 0 | |a Tvorivý subjekt v ére knowledge management |c Miroslav Tuma |
| 520 | |a Tvorivý subjekt a podnikateľské prostredie. Prístupy k tvorivému subjektu operujúcom v bežnom podnikateľsky orientovanom prostredí. Genéza názorových prúdov na formovanie knowledge managementu. Intelektuálny kapitál a znalostné aktíva. Bariéry rozvoja manažmentu znalostí. Éra riadenia znalostí. Metódy maximalizácie úžitku aplikácie knowledge managementu. Mechanizmy prenosu skrytých znalostí. | ||
| 610 | 2 | 0 | |a prostredie podnikateľské |
| 610 | 2 | 0 | |a riadenie znalostí |
| 610 | 2 | 0 | |a zdroje ľudské |
| 610 | 2 | 0 | |a podnik |
| 610 | 2 | 0 | |a kapitál intelektuálny |
| 610 | 2 | 0 | |a kapitál ľudský |
| 610 | 2 | 0 | |a vedomosti |
| 100 | 1 | |a Tuma, Miroslav | |